00506nam a22001457a 4500003000400000005001700004008004100021040001400062100003800076245007100114260001000185300003200195500010700227504002600334OSt20171010095447.0120619t xxu||||| |||| 00| 0 eng d aMMSUcULS aPailma, Kristofferson A., et al.  aMicro-controlled queuing system cKristofferson A. Pailma, et al.  c2007  axii, [154] leaves c28 cm.  aThesis (BS Computer Engineering) -- Mariano Marcos State University-College of Engineering, Batac City aBibliography: leaf 60